000 01121nam a2200409Ia 4500
003 EC-GqESP
005 20251106093755.0
008 250425s9999 xx 000 0 und d
010 _a100763
020 _a9780123748560
041 _aeng
082 _a006.312
_pWIT
100 _aWITTEN, IAN H.
245 0 _aDATA MINING: PRACTICAL MACHINE LEARNING TOOLS AND TECHNIQUES
250 _a3TH ED.
260 _aBURLINGTON
260 _aEstados Unidos
_bELSEVIER
_c2011
300 _a629
650 _aDATA MINING
650 _aDATA MINING
650 _aDATA MINING
650 _aDATA MINING
650 _aDATA MINING
650 _aDATA MINING
650 _aTÉCNICAS DE APRENDIZAJE
650 _aTÉCNICAS DE APRENDIZAJE
650 _aTÉCNICAS DE APRENDIZAJE
650 _aTÉCNICAS DE APRENDIZAJE
650 _aTÉCNICAS DE APRENDIZAJE
650 _aTÉCNICAS DE APRENDIZAJE
650 _aTECNICAS Y HERRAMIENTAS
650 _aTECNICAS Y HERRAMIENTAS
650 _aTECNICAS Y HERRAMIENTAS
650 _aTECNICAS Y HERRAMIENTAS
650 _aTECNICAS Y HERRAMIENTAS
942 _c01
999 _c234849
_d234849